Statistics for Teardrops On My Guitar - Taylor Swift (All Lyrics)

Click here to take the quiz!

General Stats

  • This quiz has been taken 53 times
  • The average score is 245 of 288

Answer Stats

Lyrics% Correct
a
100%
he
100%
He
100%
I
100%
me
100%
guitar
98%
my
98%
on
98%
see
98%
so
98%
So
98%
teardrops
98%
the
98%
The
98%
won't
98%
And
95%
and
95%
at
95%
for
95%
He's
95%
he's
95%
in
95%
reason
95%
that
95%
That
95%
to
95%
be
93%
do
93%
Drew
93%
fake
93%
know
93%
Look
93%
looks
93%
only
93%
smile,
93%
smile
93%
star
93%
wish
93%
wishin'
93%
it
90%
talks
90%
why
90%
about
88%
Can
88%
don't
88%
keep
88%
love,
88%
love
88%
wishing
88%
'cause
86%
'Cause
86%
night
86%
thing
86%
think
86%
when
86%
all
83%
can't
83%
got
83%
just
83%
she's
83%
song
83%
with
83%
everything
81%
Everything
81%
funny
81%
have
81%
car
79%
if
79%
it's
79%
laugh
79%
beautiful
76%
beautiful,
76%
bet
76%
girl
76%
keeps
76%
live
76%
says
76%
singing,
76%
even
74%
knows
74%
of
74%
want
74%
we
74%
without
74%
could
71%
one
71%
should
71%
wonder
71%
breathe?
69%
by
69%
finally
69%
him
69%
need
69%
heart
67%
her
67%
I'll
67%
right
67%
tell
67%
eyes
64%
get
64%
I'm
64%
walks
64%
break
62%
his
62%
perfectly
62%
Anyone
60%
but
60%
flawless
60%
goes,
60%
kind
60%
sleep
60%
some
60%
there
60%
down
57%
enough
57%
give
57%
lucky
57%
never
57%
those
57%
tight,
57%
hold
55%
light
55%
off
55%
tonight
55%
alone
52%
as
52%
into
52%
picture
52%
turn
52%
who's
52%
better
50%
fall
50%
home
50%
maybe
50%
needing
50%
put
50%
up,
50%
drive
45%
She'd
45%
time
45%
there's
43%
taken
38%

Score Distribution

Percentile by Number Answered

Percent of People with Each Score

Your Score History

You have not taken this quiz